000
00293nam a22001217a 4500
020
_a
978-81-318-0705-7
041
_a
ENG
100
_a
Singh.A.K
245
_a
Entrepreneurship Devellopment and Management
250
_a
2 edition
260
_a
Delhi
_b
University Sclence Press
_c
2008
300
_a
96
999
_c
48
_d
48